2025-2026 Tennessee Titans Roster - Statistics

General Stats
  • This quiz has been taken 23 times
  • The average score is 19 of 51
Answer Stats
Position Name % Correct
Quarterback Cameron Ward
100%
Linebacker Jihad Ward
100%
Running Back Tyjae Spears
90%
Tight End Gunnar Helm
86%
Running Back Tony Pollard
86%
Tight End Chigoziem Okonkwo
81%
Wide Receiver Chimere Dike
81%
Wide Receiver Elic Ayomanor
81%
Defensive Lineman Jeffery Simmons
67%
Offensive Lineman J.C. Latham
62%
Offensive Lineman Peter Skoronski
57%
Quarterback Brandon Allen
52%
Linebacker Cody Barton
52%
Running Back Julius Chestnut
52%
Linebacker Cedric Gray
48%
Offensive Lineman Dan Moore Jr.
48%
Placekicker Joey Slye
48%
Running Back Kalel Mullings
48%
Offensive Lineman Kevin Zeitler
43%
Offensive Lineman Lloyd Cushenberry III
43%
Defensive Lineman T’Vondre Sweat
43%
Safety Amani Hooker
38%
Long Snapper Morgan Cox
38%
Linebacker Arden Key
33%
Tight End David Martin-Robinson
33%
Punter Johnny Hekker
33%
Offensive Lineman Corey Levin
29%
Linebacker James Williams
29%
Wide Receiver Mason Kinsey
24%
Offensive Lineman Olisaemeka Udoh
24%
Defensive Lineman Sebastian Joseph-Day
24%
Linebacker Truman Jones
24%
Wide Receiver Bryce Oliver
19%
Offensive Lineman Jackson Slater
14%
Linebacker Jaylen Harrell
14%
Cornerback Micah Robinson
14%
Offensive Lineman Brandon Crenshaw-Dickson
10%
Linebacker Dorian Mausi Jr.
10%
Defensive Lineman James Lynch
10%
Safety Jerrick Reed II
10%
Cornerback Kaiir Elam
10%
Cornerback Kemon Hall
10%
Cornerback Kendell Brooks
10%
Linebacker Ali Gaye
5%
Defensive Lineman Cam Horsley
5%
Defensive Lineman C.J. Ravenell
5%
Offensive Lineman Drew Moss
5%
Safety Erick Hallett
5%
Offensive Lineman Garrett Dellinger
5%
Linebacker Joe Bachie
5%
Safety Sanoussi Kane
5%
No matching quizzes found
Score Distribution
Percent of People with Each Score
Percentile by Number Answered
Your Score History
You have not taken this quiz